000 00585nam a2200193 a 4500
001 1380
003 CO-ViMGA
008 141112s2004 ck r 000 u spa d
040 _aCO-ViMGA
_bspa
_cCO-ViMGA
082 0 4 _a698.34 H655t
100 1 _aHolloway, David
_949611
245 1 0 _aTeñido y barnizado fácil
260 _aMadrid :
_bCeleste,
_c1995
300 _a48 p : il
505 _aPreparación de la madera 20 - - Elección y uso de los acabados de madera 32 - - Acabados avanzados 41
650 1 4 _aBARNIZADO
_949612
650 1 4 _aMADERA - ACABADO
_949613
942 _2ddc
_cBK
999 _c13582
_d13582